101 otázok a odpovedí o Európskej únii /
Saved in:
| Main Author: | |
|---|---|
| Format: | Book |
| Language: | Slovak English |
| Published: |
Bratislava :
Informačná kancelária Európskeho parlamentu na Slovensku,
2005
|
| Edition: | 1. slov. vyd., dotlač |
| Subjects: | |
| ISBN: | 8096924117 |
| Online Access: |
|
| Tags: |
Add Tag
No Tags, Be the first to tag this record!
|
MARC
| LEADER | 00000nam a2200000 4500 | ||
|---|---|---|---|
| 003 | SK-BrCVT | ||
| 005 | 20220621162914.0 | ||
| 008 | 100329s2005 xo e ||||||slo d | ||
| 020 | |a 8096924117 | ||
| 035 | |a CVTIDW1524499 | ||
| 040 | |b slo |a CVTI SR |e AACR2 | ||
| 041 | 1 | |a slo |h eng | |
| 044 | |a xo | ||
| 080 | |a 339.923:061.1 EÚ |2 UDC-MRF | ||
| 080 | |a 327.7 |2 UDC-MRF | ||
| 100 | 1 | |a Treumerová Ammitzbollová, Marianne |4 aut | |
| 245 | 1 | 0 | |a 101 otázok a odpovedí o Európskej únii / |c Marianne Treumerová Ammitzbollová |
| 250 | |a 1. slov. vyd., dotlač | ||
| 260 | |a Bratislava : |b Informačná kancelária Európskeho parlamentu na Slovensku, |c 2005 | ||
| 300 | |a 120 s. : |b fotogr., obr., tab. ; | ||
| 500 | |a Stojedna otázok a odpovedí o Európskej únii | ||
| 653 | 1 | |a Európske spoločenstvo |a členská krajina |a vnútorný trh |a medzivládna spolupráca |a jednotná mena | |
| 910 | |b A610381 | ||
| 919 | |a 80-969241-1-7 | ||
| 974 | |f Knihy | ||
| 992 | |a APH | ||
| 999 | |c 153105 |d 153105 | ||

